000 00718nam a2200253 a 4500
999 _c3888
_d3888
003 AKMAL
005 20170524120104.0
008 170524 1967 my | e 000 1 my d
040 _aAKMAL
082 0 4 _a899.283 TOH
_221
090 _a899.283
_bTOH
100 1 _aMohtar, Toha,
_d1926-
_97669
245 1 0 _aPulang /
_cToha Mohtar
260 _aMelaka :
_bAbbas Bandong,
_c1967
300 _a104p. ;
_c18cm.
650 1 0 _aIndonesian fiction
_97670
942 _2ddc
_cBOOK